LIBRARY & INFORMATION CENTRE, KCAET, TAVANUR

ONLINE PUBLIC ACCESS CATALOGUE (OPAC)

Text book of electrical technology, Vol 2 / (Record no. 95)

MARC details
000 -LEADER
fixed length control field 00380cam a2200157ua 4500
003 - CONTROL NUMBER IDENTIFIER
control field OSt
008 - FIXED-LENGTH DATA ELEMENTS--GENERAL INFORMATION
fixed length control field 240213b |||||||| |||| 00| 0 eng d
041 ## - LANGUAGE CODE
Language code of text/sound track or separate title eng
082 ## - DEWEY DECIMAL CLASSIFICATION NUMBER
Classification number 621.301
Item number THE/TE
100 ## - MAIN ENTRY--AUTHOR NAME
Personal name Theraja, B L .
245 ## - TITLE STATEMENT
Title Text book of electrical technology, Vol 2 /
250 ## - EDITION STATEMENT
Edition statement 22 /
260 ## - PUBLICATION, DISTRIBUTION, ETC. (IMPRINT)
Place of publication India :
Name of publisher S.Chand & Sons ,
Year of publication 1997.
300 ## - PHYSICAL DESCRIPTION
Number of Pages 1312 ; .
942 ## - ADDED ENTRY ELEMENTS (KOHA)
Koha item type Books
Holdings
Withdrawn status Lost status Damaged status Home library Current library Date acquired Full call number Accession Number Koha item type
      KAUAET KAUAET 07/04/2012 621.301 THE/TE 19444 Books
free website counter